000
002860000a22000970004500
100
1
_a
Sedlmeier, Franz
245
1
0
_a
Zusammengesetzte nominalsätze und ihre leistung für Psalm 102
300
_a
Vol. 45, Num. 2 (Abril, 1995), Páginas 139-250
773
0
_t
Vetus Testamentum
942
_c
ANA
999
_c
57993
_d
57993